000 01408nam a2200361 c 4500
003 BLK
005 20220917100715.0
008 180411b bul|||||r ||||||| ||bul||
010 _aKNG00186768000
020 _a978-954-608-225-1
_bиздат.: Труд и право
040 _aBLK
041 _aBUL
_cBUL
072 7 _2bullib
_aН34
_xПраво Н
080 _aТрудово право. Вж и 331
_b349.2
_x(497.2)
_z349.2(497.2)
100 1 _aМилованов, Кругер Стоянов
_eпърви автор
_9341261
139 _aМилованов, Кругер Стоянов
_bМ 61
245 1 0 _aДисциплинарна отговорност на работниците и служителите
_cКругер Стоянов Милованов.
257 _aBGR
260 София
_bТруд и право
_c2015
_fКостинброд : Мултипринт
300 _a192 с.
_c21 см
380 _a3
500 _aБиогр. данни за авт.
650 4 _aТрудово право - България
_9248377
653 _aдисциплина
653 _aтрудова дисциплина
653 _aтрудово право
659 _aН
852 _aЦб 279707
856 4 _qpdf
_u
856 4 _qpdf
_u
942 _cKNG
_n0
_02
944 _aCR
_c01.03.2016
_lф /
_kВиолета_Тройчева
944 _aED
_c12.12.2017
_lф /
_kЛюдмила_Стоянова
999 _c178069
_d178069